Quick Pick: WWE Tag Teams of the 1980s Quiz Stats

 Plays Quiz Updated Jan 12, 2018

Challenge
Share
Tweet
Embed
Score 0/12 Timer 01:30
6 Plays Today
% Correct
The Bolsheviks
83.4%
The Hart Foundation
83.1%
The Bushwhackers
77.5%
The British Bulldogs
77.2%
The Rockers
75.3%
Demolition
74.4%
The Colossal Connection
71.9%
The Brain Busters
66.4%
The Powers of Pain
65.1%
The Killer Bees
64.6%
Strike Force
58.9%
The U.S. Express
57.3%

Today's Daily Dose

You're not logged in!

Compare scores with friends on all Sporcle quizzes.
Join for Free
OR
Log In

You Might Also Like...

Show Comments

Extras

Top Quizzes Today


Score Distribution

Your Account Isn't Verified!

In order to create a playlist on Sporcle, you need to verify the email address you used during registration. Go to your Sporcle Settings to finish the process.

Report this User

Report this user for behavior that violates our Community Guidelines.

Details: